00616nam a2200157Ia 4500008004100000082002000041100001400061245006500075260004000140365000600180630006500186730006500251942000900316999001900325952011400344100415s9999 xx 000 0 und d b5429a598.1(54) aSmith,M.A aThe Fauna Of British India ... Reptilia And Amphibia Vol. 2 aLONDONc1935bTaylor & Francis Ltd. b0 aThe Fauna Of British India ... Reptilia And Amphibia Vol. 2 aThe Fauna Of British India ... Reptilia And Amphibia Vol. 2 cBOOK c588410d588407 00104070aBNHSbBNHSd1959-12-17g0.00l0o598.1(54) 5429pBNHS-5429r2010-04-15 00:00:00w2010-04-15yBOOK